000 00550nam a2200217 a 4500
999 _c4213
_d4213
001 4213
003 BD-JhCC
005 20171125093044.0
008 171125s1969 e a|||| || | 000 0 eng d
035 _a(BD-JhCC)4213
040 _aBD-JhCC
_dBD-JhCC
041 _aeng
082 _a709.04
_bSMI 1969
100 _aSmith Edward Lucie
245 _aMovements in Art Since 1945 /
_cEdward Lucie-Smith,
260 _aLondon :
_bThames and Hudson,
_c1969
300 _a288 p. :
_c21 cm.
650 _aArt, Modern
942 _2ddc
_cBK